[Event "87o Campeonato Brasileiro Absoluto Final Aberta"]
[Site "Cuiaba MT"]
[Date "2021.10.28"]
[Round "1"]
[Board "1"]
[White "Supi, Luis Paulo"]
[Black "Sopko, Cassio Roberto"]
[Result "1-0"]
[WhiteElo "2572"]
[BlackElo "1877"]
[PlyCount "51"]
[EventDate "2021.10.28"]
[EventRounds "11"]
[EventCountry "BRA"]

1. e4 e5 2. Nf3 Nf6 3. Nxe5 d6 4. Nf3 Nxe4 5. d4 d5 6. Bd3 Be7 7. O-O Nc6 8.
Nbd2 Bg4 9. Nxe4 dxe4 10. Bxe4 Bxf3 11. Bxf3 Nxd4 12. Bxb7 Rb8 13. Be4 O-O 14.
c3 Ne6 15. Qc2 h6 16. Rd1 Bd6 17. Be3 a6 18. Rd5 Rb5 19. Rad1 Qe7 20. g3 Rfb8
21. b4 Rxd5 22. Bxd5 c5 23. a3 cxb4 24. cxb4 Nc7 25. Qc6 Rd8 26. Bc4   1-0

[Event "87o Campeonato Brasileiro Absoluto Final Aberta"]
[Site "Cuiaba MT"]
[Date "2021.10.28"]
[Round "1"]
[Board "3"]
[White "Mekhitarian, Krikor Sevag"]
[Black "Deus Filho, Joaquim De"]
[Result "1-0"]
[WhiteElo "2560"]
[BlackElo "1868"]
[PlyCount "69"]
[EventDate "2021.10.28"]
[EventRounds "11"]
[EventCountry "BRA"]

1. Nf3 f5 2. d3 Nf6 3. e4 e6 4. e5 Nd5 5. c4 Bb4+ 6. Nbd2 Nf4 7. d4 b6 8. g3
Ng6 9. h4 h5 10. Bg2 Bb7 11. O-O Be7 12. Re1 Nf8 13. d5 Na6 14. Nb3 Nc5 15.
Nxc5 Bxc5 16. Ng5 Qc8 17. Be3 Bb4 18. Bd2 Be7 19. Qe2 a5 20. Rad1 g6 21. Nh3
Kf7 22. Bf3 Kg7 23. Bg5 Bxg5 24. Nxg5 Rb8 25. Qe3 Qe8 26. Rd2 Ba6 27. b3 Bc8
28. Red1 Rg8 29. a3 Bb7 30. dxe6 dxe6 31. Bxb7 Rxb7 32. Rd8 Qe7 33. Qf3 c5 34.
Qc6 Kh6 35. Re8   1-0

[Event "87o Campeonato Brasileiro Absoluto Final Aberta"]
[Site "Cuiaba MT"]
[Date "2021.10.28"]
[Round "1"]
[Board "4"]
[White "Moyses Sobrinho, Elias"]
[Black "Barbosa, Evandro Amorim"]
[Result "0-1"]
[WhiteElo "1858"]
[BlackElo "2509"]
[PlyCount "68"]
[EventDate "2021.10.28"]
[EventRounds "11"]
[EventCountry "BRA"]

1. d4 Nf6 2. c4 g6 3. Nc3 d5 4. e3 Bg7 5. Nf3 O-O 6. cxd5 Nxd5 7. Nxd5 Qxd5 8.
Qc2 Bf5 9. Bd3 Bxd3 10. Qxd3 Nd7 11. O-O c5 12. e4 Qd6 13. d5 Rac8 14. Bd2 Bxb2
15. Rab1 c4 16. Qc2 c3 17. Bc1 Bxc1 18. Rfxc1 Rc7 19. Rb3 Rfc8 20. Nd4 a6 21.
Ne2 b5 22. a3 Rc4 23. g3 Nc5 24. Rxc3 Nxe4 25. Rxc4 Rxc4 26. Qd3 Qc5 27. Rf1
Nc3 28. Ra1 Nxe2+ 29. Qxe2 Rc1+ 30. Rxc1 Qxc1+ 31. Kg2 Qxa3 32. Qe5 Qd6 33. Qe4
a5 34. f3 a4   0-1

[Event "87o Campeonato Brasileiro Absoluto Final Aberta"]
[Site "Cuiaba MT"]
[Date "2021.10.28"]
[Round "1"]
[Board "5"]
[White "Lima, Darcy"]
[Black "Andrade, Guilherme A. De Souza"]
[Result "1-0"]
[WhiteElo "2508"]
[BlackElo "1852"]
[PlyCount "73"]
[EventDate "2021.10.28"]
[EventRounds "11"]
[EventCountry "BRA"]

1. e4 c5 2. Nf3 d6 3. d4 cxd4 4. Nxd4 Nf6 5. Nc3 a6 6. g3 e5 7. Nb3 Be7 8. Bg2
O-O 9. O-O b5 10. Re1 Qc7 11. Nd2 Nc6 12. Nf1 Be6 13. Nd5 Bxd5 14. exd5 Nb8 15.
Ne3 g6 16. Bd2 Nbd7 17. a4 Nb6 18. axb5 axb5 19. b3 Rxa1 20. Qxa1 Ra8 21. Qd1
Qc5 22. Qe2 b4 23. Rd1 Ra2 24. Be1 e4 25. Qd2 Nbd7 26. Qxb4 Qa7 27. Bxe4 Ne5
28. Bg2 h5 29. h3 Nfd7 30. Bc3 Bf6 31. Qxd6 Nf3+ 32. Bxf3 Bxc3 33. Qe7 Bd4 34.
Rxd4 Qxd4 35. Qxd7 Ra1+ 36. Kg2 Qd2 37. Qe8+   1-0

[Event "87o Campeonato Brasileiro Absoluto Final Aberta"]
[Site "Cuiaba MT"]
[Date "2021.10.28"]
[Round "1"]
[Board "6"]
[White "Duailibi, Ricardo Miguel"]
[Black "Santiago, Yago De Moura"]
[Result "0-1"]
[WhiteElo "1849"]
[BlackElo "2478"]
[PlyCount "72"]
[EventDate "2021.10.28"]
[EventRounds "11"]
[EventCountry "BRA"]

1. d4 Nf6 2. Nf3 e6 3. Bf4 d5 4. e3 c5 5. c3 Nc6 6. Nbd2 cxd4 7. exd4 Nh5 8.
Bg3 g6 9. Be2 Bg7 10. Bh4 Bf6 11. Bxf6 Qxf6 12. g3 Bd7 13. Nb3 b6 14. Nfd2 Ng7
15. Bf3 Rc8 16. Qe2 O-O 17. O-O h5 18. Bg2 Nf5 19. Nf3 Nd6 20. Nbd2 Rfd8 21.
Rfe1 Ne7 22. Ne5 Be8 23. h3 a5 24. g4 hxg4 25. hxg4 Qf4 26. Nd3 Qh6 27. Qe5 Bb5
28. Nf4 Nc6 29. Qe3 Qh4 30. Bf3 Re8 31. Ng2 Qf6 32. Nf4 Bc4 33. b3 Ba6 34. Be2
Bxe2 35. Rxe2 Nb5 36. Nf3 Nxc3   0-1

[Event "87o Campeonato Brasileiro Absoluto Final Aberta"]
[Site "Cuiaba MT"]
[Date "2021.10.28"]
[Round "1"]
[Board "7"]
[White "Di Berardino, Diego Rafael"]
[Black "Costa, Ricardo Santos"]
[Result "1-0"]
[WhiteElo "2471"]
[BlackElo "1834"]
[PlyCount "93"]
[EventDate "2021.10.28"]
[EventRounds "11"]
[EventCountry "BRA"]

1. d4 d5 2. c4 e6 3. Nc3 Nf6 4. cxd5 exd5 5. Bg5 Be7 6. e3 O-O 7. Bd3 Nbd7 8.
Qc2 Re8 9. Nge2 Nf8 10. O-O c6 11. f3 Be6 12. Rad1 Qa5 13. a3 Rac8 14. Kh1 h6
15. Bh4 Ng4 16. Bxe7 Nxe3 17. Qc1 Nxd1 18. Bb4 Qd8 19. Nxd1 Nh7 20. Be1 Qd7 21.
Qc2 Nf8 22. b4 Qc7 23. g4 a5 24. bxa5 c5 25. Qxc5 Qxc5 26. dxc5 Rxc5 27. Bb4
Rc7 28. Ndc3 Ra8 29. Na4 Rac8 30. Nac3 Nd7 31. Nb5 Ne5 32. Nxc7 Nxd3 33. Bd6
Nc5 34. Bxc5 Rxc7 35. Rc1 Bd7 36. Bb6 Rxc1+ 37. Nxc1 f5 38. h3 g5 39. Nb3 fxg4
40. hxg4 Kf7 41. Kg2 Kg6 42. Nc5 Bc8 43. Nd3 h5 44. Ne5+ Kf6 45. Bd4 hxg4 46.
fxg4 Ke6 47. Kg3   1-0

[Event "87o Campeonato Brasileiro Absoluto Final Aberta"]
[Site "Cuiaba MT"]
[Date "2021.10.28"]
[Round "1"]
[Board "8"]
[White "Ribeiro, Fabiano Pinto"]
[Black "Quintiliano Pinto, Renato R."]
[Result "0-1"]
[WhiteElo "1831"]
[BlackElo "2469"]
[PlyCount "88"]
[EventDate "2021.10.28"]
[EventRounds "11"]
[EventCountry "BRA"]

1. e4 c5 2. Nf3 d6 3. c3 Nf6 4. d3 g6 5. g3 Bg7 6. Bg2 O-O 7. O-O Nc6 8. b3 e5
9. Bb2 Re8 10. Na3 d5 11. exd5 Nxd5 12. Qc2 Bf5 13. Nh4 Be6 14. Rad1 Qd7 15.
Nc4 Rad8 16. Rfe1 Bf6 17. Nf3 Bf5 18. Qc1 Bg7 19. d4 exd4 20. Rxe8+ Qxe8 21.
cxd4 Ndb4 22. d5 Nxd5 23. Bxg7 Kxg7 24. Qb2+ Kg8 25. Re1 Qf8 26. Nfe5 Nd4 27.
Na5 Bc8 28. Qc1 Qd6 29. Nac4 Qf6 30. Qh6 Nb4 31. Re4 Nxa2 32. Rh4 Qg7 33. Qe3
Nb4 34. Ng4 Bxg4 35. Rxg4 f5 36. Rh4 Nbc2 37. Rxd4 Nxd4 38. h4 Qf6 39. Bxb7 f4
40. Qe4 fxg3 41. fxg3 Rf8 42. Bd5+ Kg7 43. Ne3 Ne2+ 44. Kh2 Qf2+   0-1

[Event "87o Campeonato Brasileiro Absoluto Final Aberta"]
[Site "Cuiaba MT"]
[Date "2021.10.28"]
[Round "1"]
[Board "10"]
[White "Jenidarchiche, Douglas Rodrigo"]
[Black "Molina, Roberto Junio Brito"]
[Result "0-1"]
[WhiteElo "1815"]
[BlackElo "2434"]
[PlyCount "84"]
[EventDate "2021.10.28"]
[EventRounds "11"]
[EventCountry "BRA"]

1. Nf3 Nf6 2. g3 d5 3. Bg2 e6 4. O-O Be7 5. d3 c5 6. Nbd2 Nc6 7. Re1 e5 8. e4
d4 9. a4 O-O 10. Nc4 Nd7 11. Bh3 Qc7 12. Bd2 Nb6 13. Nxb6 Qxb6 14. Bxc8 Raxc8
15. a5 Qc7 16. Qe2 Qd7 17. Kg2 Rce8 18. Ng5 f6 19. Nh3 Bd8 20. g4 Bc7 21. Rg1
g6 22. f4 exf4 23. Nxf4 f5 24. gxf5 Rxf5 25. Qg4 Ne5 26. Qg3 Rf7 27. Nd5 Bd8
28. Bf4 Nc6 29. Bd6 Re6 30. Bxc5 Re5 31. Kh1 Rxd5 32. exd5 Qxd5+ 33. Qg2 Qxc5
34. a6 bxa6 35. Rxa6 Bb6 36. Ra4 Ne5 37. Re1 Ng4 38. Re8+ Kg7 39. Rc4 Qh5 40.
h3 Nf2+ 41. Kh2 Nxh3 42. Kg3 Ng5   0-1

[Event "87o Campeonato Brasileiro Absoluto Final Aberta"]
[Site "Cuiaba MT"]
[Date "2021.10.28"]
[Round "1"]
[Board "11"]
[White "Proudian, Armen"]
[Black "Lima, Carlos Eduardo I De Araujo"]
[Result "1/2-1/2"]
[WhiteElo "2427"]
[BlackElo "1815"]
[PlyCount "173"]
[EventDate "2021.10.28"]
[EventRounds "11"]
[EventCountry "BRA"]

1. e4 c6 2. d4 d5 3. Nc3 dxe4 4. Nxe4 Bf5 5. Ng3 Bg6 6. Bc4 Nf6 7. h4 h6 8.
N1e2 e6 9. Nf4 Bh7 10. Qe2 Qd6 11. O-O Nbd7 12. Re1 O-O-O 13. c3 Re8 14. Nd3
Bxd3 15. Qxd3 Nb6 16. Bb3 Nbd5 17. Qf3 Qd7 18. c4 Nc7 19. Be3 Kb8 20. Ne2 Bd6
21. Red1 Qc8 22. Bc2 e5 23. Bf5 e4 24. Qh3 Qd8 25. d5 cxd5 26. Nc3 h5 27. c5
Be5 28. Nxe4 Nxe4 29. Bxe4 Bxb2 30. Rab1 Rxe4 31. Rxb2 Qxh4 32. Rdb1 Qxh3 33.
Rxb7+ Ka8 34. gxh3 Rc8 35. c6 Ra4 36. Bc5 Ra6 37. a3 Ne6 38. Bd6 Rb6 39. R1xb6
axb6 40. Rxb6 Ka7 41. Rb7+ Ka6 42. Rxf7 Rxc6 43. Bb4 g6 44. Rd7 d4 45. a4 Nf4
46. Bd2 Ne6 47. Kf1 Kb6 48. Ke2 Kc5 49. Rb7 Kd5 50. a5 Nc5 51. Rb4 Re6+ 52. Kf3
Rf6+ 53. Ke2 Re6+ 54. Kf1 Ne4 55. Be1 d3 56. f3 Nd6 57. Rb3 Kd4 58. Rb6 Ke3 59.
a6 d2 60. Bxd2+ Kxd2 61. a7 Re1+ 62. Kf2 Ra1 63. Rxd6+ Kc3 64. Rd7 g5 65. Ke3
Re1+ 66. Kf2 Ra1 67. Kg3 Ra4 68. Rg7 h4+ 69. Kf2 Kd3 70. Rd7+ Kc4 71. Ke3 Kc5
72. Rg7 Kd6 73. Rg6+ Ke5 74. Rxg5+ Kf6 75. Rg4 Ra3+ 76. Kd4 Rxa7 77. Rf4+ Kg5
78. Rf8 Ra4+ 79. Kd3 Ra3+ 80. Kc4 Ra4+ 81. Kd5 Rf4 82. Rg8+ Kf5 83. Rh8 Kg5 84.
Ke5 Rxf3 85. Rg8+ Kh6 86. Rh8+ Kg5 87. Rg8+   1/2-1/2

[Event "87o Campeonato Brasileiro Absoluto Final Aberta"]
[Site "Cuiaba MT"]
[Date "2021.10.28"]
[Round "1"]
[Board "12"]
[White "Cruz, Natan Gomes"]
[Black "Bittencourt, Jorge"]
[Result "0-1"]
[WhiteElo "1815"]
[BlackElo "2414"]
[PlyCount "52"]
[EventDate "2021.10.28"]
[EventRounds "11"]
[EventCountry "BRA"]

1. e4 e5 2. Nf3 Nc6 3. d4 exd4 4. Nxd4 Nf6 5. Nxc6 bxc6 6. Bd3 d5 7. exd5 cxd5
8. O-O Be7 9. Bf4 O-O 10. Qf3 Be6 11. Nd2 c5 12. b3 Bd6 13. Bg5 Be5 14. Rae1
Qc7 15. h3 h6 16. Bh4 c4 17. bxc4 dxc4 18. Bxc4 Bxc4 19. Nxc4 Qxc4 20. g4 Rae8
21. Re3 Re6 22. Rfe1 Qxa2 23. Qf5 Rfe8 24. c4 g6 25. Qd3 g5 26. R3e2 Bh2+   0-1

[Event "87o Campeonato Brasileiro Absoluto Final Aberta"]
[Site "Cuiaba MT"]
[Date "2021.10.28"]
[Round "1"]
[Board "13"]
[White "Umetsubo, Cesar Hidemitsu"]
[Black "Ribeiro Carrico, Victor Hugo"]
[Result "1-0"]
[WhiteElo "2379"]
[BlackElo "1791"]
[PlyCount "33"]
[EventDate "2021.10.28"]
[EventRounds "11"]
[EventCountry "BRA"]

1. d4 Nf6 2. c4 e6 3. Nc3 Bb4 4. Qc2 O-O 5. a3 Bxc3+ 6. Qxc3 c5 7. dxc5 a5 8.
f3 Na6 9. b4 Qc7 10. e4 e5 11. Be3 Re8 12. Rd1 axb4 13. axb4 Nh5 14. Nh3 Nf4
15. g3 Nxh3 16. Bxh3 d5 17. cxd6   1-0

[Event "87o Campeonato Brasileiro Absoluto Final Aberta"]
[Site "Cuiaba MT"]
[Date "2021.10.28"]
[Round "1"]
[Board "14"]
[White "Panazzolo, Paulo Victor"]
[Black "Santos, Marcus Vinicius Moreira"]
[Result "0-1"]
[WhiteElo "1790"]
[BlackElo "2375"]
[PlyCount "76"]
[EventDate "2021.10.28"]
[EventRounds "11"]
[EventCountry "BRA"]

1. e4 g6 2. d4 Bg7 3. Nc3 d6 4. Nf3 a6 5. Be2 b5 6. O-O Bb7 7. a3 Nd7 8. Bg5 c5
9. d5 Ngf6 10. Nd2 O-O 11. f4 Qc7 12. Qe1 e6 13. dxe6 fxe6 14. Bf3 Rae8 15. Qh4
b4 16. Ne2 a5 17. Ng3 c4 18. axb4 axb4 19. c3 bxc3 20. bxc3 Nc5 21. Kh1 Nd3 22.
f5 Qc5 23. fxg6 hxg6 24. h3 Nh7 25. e5 Bxf3 26. Nxf3 Nxe5 27. Nxe5 Qxe5 28. Bf4
g5 29. Bxe5 gxh4 30. Bxg7 Kxg7 31. Ra7+ Kg6 32. Rxf8 Rxf8 33. Ne4 d5 34. Nc5
Rf1+ 35. Kh2 Ng5 36. Re7 Re1 37. Nd7 Re3 38. Nc5 Kf6   0-1

[Event "87o Campeonato Brasileiro Absoluto Final Aberta"]
[Site "Cuiaba MT"]
[Date "2021.10.28"]
[Round "1"]
[Board "15"]
[White "Limp, Eduardo Thelio"]
[Black "Da Rosa, Henrique Jaze Simoes"]
[Result "1-0"]
[WhiteElo "2364"]
[BlackElo "1788"]
[PlyCount "73"]
[EventDate "2021.10.28"]
[EventRounds "11"]
[EventCountry "BRA"]

1. d4 d5 2. Nf3 Nf6 3. c4 c6 4. Nc3 dxc4 5. a4 Bf5 6. e3 e6 7. Bxc4 Bb4 8. O-O
O-O 9. Qe2 Nbd7 10. e4 Bg6 11. e5 Nd5 12. Nxd5 cxd5 13. Bd3 Bh5 14. Qe3 Be7 15.
a5 a6 16. Bd2 Nb8 17. Bc3 Nc6 18. Ne1 f5 19. exf6 Rxf6 20. f4 Bd6 21. g3 Bg4
22. Nf3 Ne7 23. Ne5 Bh3 24. Rf2 h5 25. Bf1 Bf5 26. Bg2 Rh6 27. Qe2 Qe8 28. Re1
Bxe5 29. fxe5 Qg6 30. Bd2 Rh8 31. Rf4 Rc8 32. Bc3 Qg5 33. Qf2 Ng6 34. h4 Qe7
35. Rxf5 exf5 36. Bxd5+ Kh7 37. Qxf5   1-0

[Event "87o Campeonato Brasileiro Absoluto Final Aberta"]
[Site "Cuiaba MT"]
[Date "2021.10.28"]
[Round "1"]
[Board "16"]
[White "Lima, Vinicius Taishun"]
[Black "Rodrigues, Edgar"]
[Result "0-1"]
[WhiteElo "1788"]
[BlackElo "2339"]
[PlyCount "82"]
[EventDate "2021.10.28"]
[EventRounds "11"]
[EventCountry "BRA"]

1. e4 e6 2. d4 d5 3. Nc3 Nf6 4. e5 Nfd7 5. f4 c5 6. Nf3 Nc6 7. Be3 a6 8. Qd2 b5
9. dxc5 Bxc5 10. Bd3 Qb6 11. Bf2 O-O 12. O-O f6 13. exf6 Nxf6 14. h3 Bb7 15. a3
Rae8 16. Rae1 Bxf2+ 17. Qxf2 Qc7 18. Qh4 g6 19. Qg5 Qg7 20. Rf2 Nh5 21. Ne5 Rf6
22. Ng4 Rff8 23. Ne5 b4 24. Na4 bxa3 25. bxa3 Nd4 26. Nc5 Bc8 27. a4 Nf6 28. g4
Nd7 29. Nexd7 Bxd7 30. c3 Nc6 31. Nxd7 Qxd7 32. Bxa6 Qg7 33. Rf3 Qa7+ 34. Rfe3
Qxa6 35. f5 e5 36. fxg6 Re6 37. gxh7+ Kxh7 38. Qh5+ Rh6 39. Qg5 Qxa4 40. Rxe5
Nxe5 41. Qxe5 Qa7+   0-1

[Event "87o Campeonato Brasileiro Absoluto Final Aberta"]
[Site "Cuiaba MT"]
[Date "2021.10.28"]
[Round "1"]
[Board "17"]
[White "Cadilhac, Igor Tokuichi Kikuchi"]
[Black "Teixeira, Jonas Carvalho"]
[Result "1-0"]
[WhiteElo "2323"]
[BlackElo "1785"]
[PlyCount "87"]
[EventDate "2021.10.28"]
[EventRounds "11"]
[EventCountry "BRA"]

1. e4 c5 2. Nf3 d6 3. d4 cxd4 4. Qxd4 Nc6 5. Bb5 Bd7 6. Bxc6 Bxc6 7. Nc3 e5 8.
Qd3 Be7 9. O-O Qc7 10. Rd1 h6 11. Nd2 Nf6 12. Nf1 O-O 13. a4 Rac8 14. Ne3 Rfd8
15. b3 a6 16. a5 Bf8 17. f3 Bd7 18. Bb2 Be6 19. Kh1 Qc5 20. Ncd5 Bxd5 21. exd5
Re8 22. Ra4 Rc7 23. Ba3 Qc3 24. Qe2 e4 25. f4 Rcc8 26. Nc4 Rxc4 27. Rxc4 Qxa5
28. Ra4 Qc7 29. Bb2 Nd7 30. Rxe4 Rxe4 31. Qxe4 Nc5 32. Qe3 b5 33. Re1 b4 34.
Qd4 a5 35. Re8 f6 36. Re2 Qd7 37. h3 Qb5 38. Qe3 Kf7 39. Bd4 Qd7 40. g4 g6 41.
f5 g5 42. Qe6+ Nxe6 43. fxe6+ Qxe6 44. Rxe6   1-0

[Event "87o Campeonato Brasileiro Absoluto Final Aberta"]
[Site "Cuiaba MT"]
[Date "2021.10.28"]
[Round "1"]
[Board "18"]
[White "Rezende, Uelton Fabricius Alves"]
[Black "Oliveira, Silvio Eduardo"]
[Result "0-1"]
[WhiteElo "1784"]
[BlackElo "2321"]
[PlyCount "59"]
[EventDate "2021.10.28"]
[EventRounds "11"]
[EventCountry "BRA"]

1. e4 c5 2. Nc3 Nc6 3. f4 g6 4. Nf3 Bg7 5. Bc4 e6 6. O-O Nge7 7. a3 d5 8. exd5
exd5 9. Ba2 O-O 10. d3 Nd4 11. Ne2 Bg4 12. Nexd4 Bxd4+ 13. Kh1 Nf5 14. c3 Be3
15. Qb3 Bxc1 16. Raxc1 Ne3 17. Rf2 Qc7 18. Ne5 Be6 19. a4 f6 20. Re1 Rfe8 21.
d4 c4 22. Qa3 fxe5 23. Rxe3 exf4 24. Re5 Bg4 25. Rxf4 Rxe5 26. dxe5 Qxe5 27.
Rf1 Qe2 28. Rg1 Re8 29. Qc5 Qe4 30. Qb4 {resto ilegÃƒÆ’Ã†â€™Ãƒâ€šÃ‚Â­vel}   0-1

[Event "87o Campeonato Brasileiro Absoluto Final Aberta"]
[Site "Cuiaba MT"]
[Date "2021.10.28"]
[Round "1"]
[Board "19"]
[White "Filgueiras, Nathan Felipe"]
[Black "Da Silva Santos, Jarlison"]
[Result "1-0"]
[WhiteElo "2312"]
[BlackElo "1774"]
[PlyCount "51"]
[EventDate "2021.10.28"]
[EventRounds "11"]
[EventCountry "BRA"]

1. e4 d6 2. d4 Nf6 3. Nc3 g6 4. f4 Bg7 5. Nf3 Bg4 6. h3 Bxf3 7. Qxf3 c6 8. Bd3
Qb6 9. e5 dxe5 10. fxe5 Nfd7 11. Qf2 c5 12. Nd5 Qd8 13. Bc4 e6 14. O-O O-O 15.
Nf6+ Nxf6 16. exf6 Bh6 17. dxc5 Nd7 18. Bxh6 Re8 19. Rad1 a6 20. Rd6 Qc7 21.
Rxe6 Qxc5 22. Qxc5 Nxc5 23. Re7 Rxe7 24. fxe7 Ne6 25. Bxe6 fxe6 26. Rf8+   1-0

[Event "87o Campeonato Brasileiro Absoluto Final Aberta"]
[Site "Cuiaba MT"]
[Date "2021.10.28"]
[Round "1"]
[Board "20"]
[White "Borges, Ivoney"]
[Black "Labussiere, Victor"]
[Result "0-1"]
[WhiteElo "1767"]
[BlackElo "2291"]
[PlyCount "90"]
[EventDate "2021.10.28"]
[EventRounds "11"]
[EventCountry "BRA"]

1. e4 c5 2. Nf3 Nc6 3. d3 g6 4. g3 Bg7 5. Bg2 e5 6. Nbd2 Nge7 7. O-O O-O 8. Re1
d6 9. Nf1 h6 10. h4 f5 11. N1h2 Be6 12. c3 Qd7 13. Qe2 Rae8 14. b3 Bf7 15. Bb2
d5 16. exd5 Nxd5 17. Qc2 Re7 18. Rad1 Rd8 19. Nf1 Qe8 20. a3 Nb6 21. N3d2 Kh8
22. Ne3 Nd5 23. Nef1 Qd7 24. Nc4 b5 25. Nce3 Nb6 26. c4 Nd4 27. Bxd4 cxd4 28.
Nd5 Nxd5 29. cxd5 Bxd5 30. Rc1 Bxg2 31. Kxg2 Kg8 32. f3 Kf7 33. Re2 h5 34. Qc5
Qd5 35. Kf2 Bh6 36. b4 Rdd7 37. Qxd5+ Rxd5 38. Rc6 Re6 39. Rc7+ Re7 40. Rxe7+
Kxe7 41. f4 Kf6 42. Kf3 exf4 43. gxf4 Rd6 44. Rc2 Ra6 45. Ra2 Bf8   0-1

[Event "87o Campeonato Brasileiro Absoluto Final Aberta"]
[Site "Cuiaba MT"]
[Date "2021.10.28"]
[Round "1"]
[Board "21"]
[White "Cunha, Lucas Aguiar"]
[Black "Da Silva, Erick Feitosa"]
[Result "1-0"]
[WhiteElo "2290"]
[BlackElo "1765"]
[PlyCount "57"]
[EventDate "2021.10.28"]
[EventRounds "11"]
[EventCountry "BRA"]

1. e4 e5 2. Nf3 Nc6 3. Nc3 Nf6 4. Bb5 Nd4 5. Ba4 c6 6. O-O Nxf3+ 7. Qxf3 Bc5 8.
d3 O-O 9. Bg5 Be7 10. Bb3 d6 11. h3 Be6 12. Rfd1 h6 13. Be3 Bxb3 14. axb3 Nd7
15. Qg4 Kh8 16. d4 Bf6 17. dxe5 Nxe5 18. Qh5 Qc7 19. f4 Nd7 20. Rd3 Rae8 21. e5
dxe5 22. Rad1 Re7 23. Qg4 Nb6 24. f5 e4 25. Rd6 Kh7 26. Bxh6 Be5 27. Bxg7 Bxd6
28. Bf6 Bh2+ 29. Kh1   1-0

[Event "87o Campeonato Brasileiro Absoluto Final Aberta"]
[Site "Cuiaba MT"]
[Date "2021.10.28"]
[Round "1"]
[Board "22"]
[White "Messias, Jose Vitor Lamosa Prado"]
[Black "Do Valle Cardoso, Lucas"]
[Result "0-1"]
[WhiteElo "1762"]
[BlackElo "2285"]
[PlyCount "54"]
[EventDate "2021.10.28"]
[EventRounds "11"]
[EventCountry "BRA"]

1. e4 e5 2. f4 d5 3. exd5 e4 4. Bb5+ c6 5. dxc6 bxc6 6. Bc4 Nf6 7. d4 Bd6 8.
Ne2 h5 9. O-O g6 10. Nbc3 h4 11. d5 Bc5+ 12. Kh1 h3 13. g3 Bg4 14. b4 Bb6 15.
Bb2 Rh5 16. Qd2 Bf3+ 17. Rxf3 exf3 18. Nd4 cxd5 19. Bb5+ Kf8 20. Nxf3 d4 21.
Re1 dxc3 22. Qxc3 Rxb5 23. Re8+ Kxe8 24. Qe1+ Kf8 25. c4 Rf5 26. Ne5 Rxe5 27.
fxe5 Qd3   0-1

[Event "87o Campeonato Brasileiro Absoluto Final Aberta"]
[Site "Cuiaba MT"]
[Date "2021.10.28"]
[Round "1"]
[Board "23"]
[White "Guimaraes, Diogo Duarte"]
[Black "Rodrigues Mota, Romulo Cardoso S"]
[Result "1-0"]
[WhiteElo "2264"]
[BlackElo "1759"]
[PlyCount "45"]
[EventDate "2021.10.28"]
[EventRounds "11"]
[EventCountry "BRA"]

1. e4 c5 2. Nf3 g6 3. d4 cxd4 4. Nxd4 Nf6 5. Nc3 Nc6 6. Bc4 Bg7 7. Nxc6 bxc6 8.
e5 Ng8 9. Qf3 e6 10. Bf4 Qa5 11. O-O-O Bxe5 12. Ne4 f5 13. Bxe5 Qxe5 14. Nd6+
Ke7 15. Bxe6 Kf8 16. Rhe1 Qf6 17. Nxc8 Rxc8 18. Bxd7 Rb8 19. Qa3+ Kf7 20. Be6+
Kg7 21. Rd7+ Kh6 22. Qh3+ Kg5 23. f4+   1-0

[Event "87o Campeonato Brasileiro Absoluto Final Aberta"]
[Site "Cuiaba MT"]
[Date "2021.10.28"]
[Round "1"]
[Board "24"]
[White "De Carvalho, Vitor Augusto Ponciano"]
[Black "Nogueira, Ivan Kuhlmann"]
[Result "0-1"]
[WhiteElo "1757"]
[BlackElo "2237"]
[PlyCount "80"]
[EventDate "2021.10.28"]
[EventRounds "11"]
[EventCountry "BRA"]

1. e4 e5 2. d4 Nf6 3. dxe5 Nxe4 4. Qd5 Nc5 5. Bc4 Qe7 6. Be3 Ne6 7. Nc3 c6 8.
Qd2 d5 9. exd6 Qxd6 10. Nf3 Qxd2+ 11. Nxd2 b5 12. Bb3 Na6 13. a4 b4 14. Nce4 f5
15. Ng5 Nxg5 16. Bxg5 Nc5 17. Bc4 Be6 18. O-O Be7 19. Bxe7 Kxe7 20. Rfe1 Kf6
21. Rad1 Bxc4 22. Nxc4 Rad8 23. Na5 Rhe8 24. Nxc6 Rd2 25. Nxb4 Nxa4 26. f3
Rxe1+ 27. Rxe1 Nxb2 28. Nc6 Rxc2 29. Nxa7 Nd3 30. Rd1 Nf4 31. Nb5 Rxg2+ 32. Kh1
Rf2 33. Nd4 g6 34. Re1 Rd2 35. Nc6 Nd3 36. Re8 Kg5 37. Ne5 Nf2+ 38. Kg2 Nd3+
39. Kg1 Nxe5 40. Rxe5 Kf4   0-1

[Event "87o Campeonato Brasileiro Absoluto Final Aberta"]
[Site "Cuiaba MT"]
[Date "2021.10.28"]
[Round "1"]
[Board "25"]
[White "Aranha Filho, Alvaro Z."]
[Black "Franca Junior, Jairo"]
[Result "1-0"]
[WhiteElo "2236"]
[BlackElo "1755"]
[PlyCount "61"]
[EventDate "2021.10.28"]
[EventRounds "11"]
[EventCountry "BRA"]

1. d4 Nf6 2. c4 e6 3. Nc3 Bb4 4. e3 O-O 5. Nf3 b6 6. Bd3 Bb7 7. O-O d5 8. cxd5
exd5 9. Ne5 Nbd7 10. f4 Bxc3 11. bxc3 Ne4 12. Ba3 Re8 13. Rc1 f6 14. Bxe4 fxe5
15. Bxh7+ Kxh7 16. Qh5+ Kg8 17. fxe5 Re7 18. Rf4 Qe8 19. Qh3 c5 20. Rh4 Qg6 21.
Rf1 Nf6 22. Rxf6 gxf6 23. Rg4 Kf7 24. e6+ Kg7 25. dxc5 Rae8 26. c6 Bxc6 27.
Rxg6+ Kxg6 28. Qg3+ Kf5 29. Qf4+ Kg6 30. Bxe7 Rxe7 31. Qd6   1-0

[Event "87o Campeonato Brasileiro Absoluto Final Aberta"]
[Site "Cuiaba MT"]
[Date "2021.10.28"]
[Round "1"]
[Board "26"]
[White "Correa, Joao Pedro Vieira"]
[Black "Federzoni, Enzo"]
[Result "1/2-1/2"]
[WhiteElo "1750"]
[BlackElo "2215"]
[PlyCount "156"]
[EventDate "2021.10.28"]
[EventRounds "11"]
[EventCountry "BRA"]

1. e4 c5 2. Nf3 d6 3. Bb5+ Bd7 4. Bxd7+ Nxd7 5. O-O Ngf6 6. Qe2 Rc8 7. c3 e6 8.
d4 cxd4 9. cxd4 Be7 10. Nc3 Nb6 11. Rd1 O-O 12. Bf4 Qd7 13. Rac1 Na4 14. Nxa4
Qxa4 15. b3 Qa3 16. Rc2 d5 17. e5 Ne4 18. Rdc1 Rxc2 19. Qxc2 Bb4 20. Ng5 Nxg5
21. Bxg5 h6 22. Bf4 Qa5 23. h3 Ba3 24. Qc7 Qa6 25. Rc2 b6 26. Qc3 Qb5 27. Be3
Bb4 28. a4 Qa5 29. Qc6 Ba3 30. Bd2 Qa6 31. Qb5 Qb7 32. b4 Rc8 33. Qd3 Rxc2 34.
Qxc2 Qa6 35. b5 Qb7 36. Qc6 Qe7 37. Qc8+ Qf8 38. Qxf8+ Bxf8 39. h4 h5 40. f4
Kh7 41. Kf2 Kg6 42. Kf3 Kf5 43. Bc3 Ba3 44. g3 f6 45. Bd2 Bf8 46. Be3 Bb4 47.
Bc1 Be7 48. Bd2 fxe5 49. fxe5 Ba3 50. Be3 Bb2 51. Bg1 Bc1 52. Bf2 Bd2 53. Bg1
g5 54. hxg5 Kxg5 55. Bf2 Bc3 56. Be3+ Kf5 57. Bf2 Bd2 58. Bg1 Bb4 59. Be3 Bc3
60. Bf2 Bd2 61. Bg1 Kg6 62. Ke2 Bc1 63. Kf3 Kg5 64. Bf2 Bd2 65. Bg1 h4 66.
gxh4+ Kxh4 67. Bf2+ Kh3 68. Bg1 Bg5 69. Bf2 Kh2 70. Bg3+ Kg1 71. Ke2 Kg2 72.
Bf2 Be7 73. Be1 Kg1 74. Bf2+ Kg2 75. Be3 Kh3 76. Bg1 Ba3 77. Be3 Bb2 78. Bg1
Bc3   1/2-1/2

[Event "87o Campeonato Brasileiro Absoluto Final Aberta"]
[Site "Cuiaba MT"]
[Date "2021.10.28"]
[Round "1"]
[Board "27"]
[White "Marra, Eduardo Da Costa"]
[Black "Assad, Leonardo Vaz De Figueiredo"]
[Result "1-0"]
[WhiteElo "2200"]
[BlackElo "1745"]
[PlyCount "55"]
[EventDate "2021.10.28"]
[EventRounds "11"]
[EventCountry "BRA"]

1. e4 c5 2. Nf3 e6 3. g3 b6 4. Bg2 Bb7 5. Nc3 Nc6 6. O-O d6 7. d4 cxd4 8. Nxd4
a6 9. Be3 Qc7 10. Re1 Nf6 11. Nxc6 Bxc6 12. Nd5 Bxd5 13. exd5 e5 14. f4 Nd7 15.
fxe5 Nxe5 16. Bd4 f6 17. Bh3 Be7 18. Be6 Qc4 19. Re4 g6 20. Rf4 Qc7 21. Qf1 Rf8
22. Qe2 Rb8 23. Qxa6 Bd8 24. Bxe5 dxe5 25. Rc4 Qb7 26. Qb5+ Ke7 27. Qb4+ Ke8
28. d6   1-0